On This Day: June 10th Quiz Stats

 Plays Quiz Updated Jun 10, 2017

Challenge
Share
Tweet
Embed
Score 0/7 Timer 03:00
0 Plays Today
Question Answer Wrong Answers
This American singer and actress, perhaps best known for portraying Dorothy in ‘The Wizard of Oz’, is born.
1922
Judy Garland
95.8%
Doris Day
1.4%
Elizabeth Taylor
1.5%
Billie Burke
0.5%
The first Boat Race between the University of Oxford and the University of Cambridge takes place on this London river.
1829
Thames
94.3%
Severn
1.4%
Trent
2.1%
Rhine
2.1%
This man, who was convicted of the murder of Martin Luther King, Jr., escapes from Brushy Mountain State Prison in Petros, Tennessee. He is recaptured three days later.
1977
James Earl Ray
78.9%
Lee Harvey Oswald
7.9%
Jack Ruby
6.2%
John Wilkes Booth
3.5%
Before fleeing his northern stronghold, Khmer Rouge leader ______ orders the killing of his defense chief Son Sen, and 11 of Sen's family members.
1997
Pol Pot
76.4%
Idi Amin
5.7%
Mao Zedong
5.3%
Ho Chi Minh
8.8%
NATO suspends airstrikes after Slobodan Milošević agrees to withdraw Serbian forces from this nation.
1999
Kosovo
76%
Montenegro
8.9%
Macedonia
4.2%
Romania
6.7%
The Equal Pay Act of 1963, aimed at abolishing wage disparity based on sex, is signed into law by John F. Kennedy as part of his New ______ Program.
1963
Frontier
46.4%
Endeavor
12.3%
World
14.1%
Deal
24.3%
US President Franklin D. Roosevelt denounces the actions of this nation in his ‘Stab in the Back’ speech at the graduation ceremonies of the University of Virginia.
1940
Italy
25.7%
France
6.3%
Germany
59.5%
United Kingdom
6.4%

Today's Daily Dose

Missing Word
Podcasts A-Z

Word Ladder
Rowing

On This Day
January 22nd II

You're not logged in!

Compare scores with friends on all Sporcle quizzes.
OR
Log In

You Might Also Like...

Show Comments

Extras

Top Quizzes Today


Score Distribution

Your Account Isn't Verified!

In order to create a playlist on Sporcle, you need to verify the email address you used during registration. Go to your Sporcle Settings to finish the process.

Report this User

Report this user for behavior that violates our Community Guidelines.

Details: